| 000 | 00527nam a22001817a 4500 | ||
|---|---|---|---|
| 005 | 20251108164909.0 | ||
| 008 | 250721s1983 xx 000 0 ara d | ||
| 082 | 1 | 4 | _a962.03/حسن |
| 100 | 1 | _aكروم، حسنين | |
| 245 | 1 | 0 |
_aعبد الناصر : _bالمفترى عليه / |
| 250 | _aط3.، مزيدة و منحقة | ||
| 264 | 1 |
_aبيروت : _bدار الوحدة، _c1983. |
|
| 300 | _a215ص | ||
| 650 | 1 | 7 | _aتاريخ مصر |
| 650 | 1 | 7 | _aالتاريخ السياسي |
| 942 |
_2ddc _cBK |
||
| 999 |
_c16925 _d16925 |
||